| 000 | 00535nam a2200217Ia 4500 | ||
|---|---|---|---|
| 008 | 200601s9999 xx 000 0 und d | ||
| 020 | _a0-553-21242-7 | ||
| 050 | _aCLA S54 | ||
| 050 | _b2003 v.1 | ||
| 100 | _aDoyle, Arthur Conan. | ||
| 245 | 0 | _aSherlock Holmes : | |
| 245 | 4 | _bthe complete novels and stories / | |
| 245 | 0 | _cArthur Conan Doyle. | |
| 260 | _aNew York : | ||
| 260 | _bBantam, | ||
| 260 | _c2003 | ||
| 300 | _a1059 pages : | ||
| 300 | _c18 cm. | ||
| 440 | _v1 | ||
| 650 | _aHolmes, Sherlock -- Fiction. | ||
| 999 |
_c363144 _d363144 |
||